Detegovanie podobnosti zdrojových kódov pomocou LLM

Na minha lista:
Detalhes bibliográficos
Autor principal: Karas, Patrik (Author)
Outros Autores: Vojvoda, Milan (Thesis advisor)
Formato: Manuscrito Livro
Idioma:eslovaco
Publicado em: 2025
Assuntos:
Acesso em linha:http://is.stuba.sk/zp/portal_zp.pl?podrobnosti=184396
Tags: Adicionar Tag
Sem tags, seja o primeiro a adicionar uma tag!

MARC

LEADER 00000ntm a22000003a 4500
001 stuzp106074
003 SK-STU
005 20250614214108.7
007 ta
008 150427s2015----xo-----f-mn---000-0-slo-d
040 |a STU  |b slo 
041 0 |a slo 
100 1 |a Karas, Patrik  |u 035000  |4 aut  |U FEI Fakulta elektrotechniky a informatiky  |T FEI Ústav informatiky a matematiky  |X 111303  |U E050  |Y 816  |7 111303 
242 0 1 |a Code Similarity Detection Using LLMs  |y eng 
245 1 0 |a Detegovanie podobnosti zdrojových kódov pomocou LLM 
260 |c 2025 
650 4 |a prompting techniques  |2 eng 
650 4 |a plagiarism  |2 eng 
650 4 |a Synthetic dataset  |2 eng 
650 4 |a LLM  |2 eng 
650 4 |a Syntetický dataset  |2 slo 
650 4 |a techniky promptovania  |2 slo 
650 4 |a LLM  |2 slo 
650 4 |a plagiátorstvo  |2 slo 
700 1 |a Vojvoda, Milan  |u 035000  |k Z1  |4 ths  |U FEI Fakulta elektrotechniky a informatiky  |T FEI Ústav informatiky a matematiky  |X 1885  |U E050  |Y 816  |7 A000001885 
856 4 |u http://is.stuba.sk/zp/portal_zp.pl?podrobnosti=184396